[Event "Forchheim - Neukoelln"]
[Site "BL 0203"]
[Date "2003.03.30"]
[Round "15.6"]
[White "Zwanzger, Johannes"]
[Black "Poldauf, Dirk"]
[Result "1/2-1/2"]
[WhiteElo "2268"]
[BlackElo "2410"]
[PlyCount "65"]
[EventDate "2003.??.??"]

1. e4 e6 2. d4 d5 3. Nd2 Nf6 4. e5 Nfd7 5. Bd3 c5 6. c3 Nc6 7. Ne2 cxd4 8. cxd4
f6 9. exf6 Nxf6 10. Nf3 Bd6 11. O-O Qc7 12. Bg5 O-O 13. Rc1 Bd7 14. Bh4 Be8 15.
Bg3 Bh5 16. Ne5 Bxe5 17. dxe5 Ne4 18. Bxe4 dxe4 19. Qc2 e3 20. Nd4 exf2+ 21.
Rxf2 Rxf2 22. Qxf2 Qa5 23. Nxe6 Qxa2 24. Nf4 Bf7 25. Nd3 Re8 26. Re1 h6 27. Qf5
Qc4 28. Nf2 Nd4 29. Qd3 Qxd3 30. Nxd3 Nc6 31. Nc5 b6 32. Nb7 Be6 33. h4 1/2-1/2

[Event "Forchheim - Neukoelln"]
[Site "BL 0203"]
[Date "2003.03.30"]
[Round "15.7"]
[White "Thiede, Lars"]
[Black "Doeres, Hans-Juergen"]
[Result "1-0"]
[WhiteElo "2416"]
[BlackElo "2271"]
[PlyCount "99"]
[EventDate "2003.??.??"]

1. g3 e5 2. c4 g6 3. Bg2 Bg7 4. Nc3 Ne7 5. Nf3 Nbc6 6. O-O O-O 7. Rb1 a5 8. a3
f5 9. d3 h6 10. Nd5 d6 11. b4 axb4 12. axb4 Be6 13. Nd2 Qd7 14. b5 Nd8 15. Qb3
Bf7 16. Qb4 Nc8 17. Bb2 c6 18. Nc3 Ne6 19. Ra1 Ne7 20. Na4 Qc7 21. Nb3 Rfd8 22.
Rfc1 Kh7 23. e3 Nf8 24. d4 Nd7 25. c5 d5 26. b6 Qb8 27. Nc3 Rxa1 28. Rxa1 e4
29. Ra7 Nc8 30. Ra5 Bf8 31. Qa4 Ncxb6 32. cxb6 Nxb6 33. Qa1 Nc4 34. Ra2 b5 35.
Nc5 b4 36. Ne2 Kg8 37. Nf4 b3 38. Ra6 Qb5 39. Bf1 Rc8 40. Ra8 Rxa8 41. Qxa8 Qb4
42. Bxc4 dxc4 43. Nfe6 Bxe6 44. Nxe6 Kf7 45. Qxf8+ Qxf8 46. Nxf8 Kxf8 47. Kf1
Ke7 48. Ke2 Kd6 49. Kd2 Kd5 50. Ba3 1-0

[Event "Forchheim - Neukoelln"]
[Site "BL 0203"]
[Date "2003.03.30"]
[Round "15.8"]
[White "Bade, Joern"]
[Black "Rudolf, Henrik"]
[Result "1-0"]
[WhiteElo "2267"]
[BlackElo "2348"]
[PlyCount "93"]
[EventDate "2003.??.??"]

1. e4 g6 2. d4 d6 3. Nc3 Nf6 4. Be3 c6 5. a4 Bg7 6. h3 O-O 7. Nf3 d5 8. e5 Ne4
9. Nxe4 dxe4 10. Nd2 c5 11. Nxe4 cxd4 12. Qxd4 Qxd4 13. Bxd4 Nc6 14. Bc3 Bf5
15. Nc5 Bxe5 16. Bxe5 Nxe5 17. Bd3 Nxd3+ 18. Nxd3 Rfd8 19. O-O-O Rac8 20. Nb4
Rxd1+ 21. Rxd1 Rc4 22. c3 a5 23. Nd5 Be4 24. f3 Bxd5 25. Rxd5 Rxa4 26. Kb1 Rc4
27. Rd7 e5 28. Rxb7 e4 29. fxe4 Rxe4 30. Rb5 a4 31. Rb4 Re2 32. Rxa4 Rxg2 33.
b4 Kf8 34. b5 Ke7 35. b6 Kd7 36. Rc4 Rg5 37. Rc7+ Kd8 38. c4 Ra5 39. Rxf7 Kc8
40. Rxh7 Kb8 41. Kb2 Ra6 42. c5 Ra5 43. Rc7 Ra4 44. Kb3 Rf4 45. Rg7 Rf3+ 46.
Kb4 Rxh3 47. Kb5 1-0

[Event "Luebeck - Emsdetten"]
[Site "BL 0203"]
[Date "2003.03.31"]
[Round "15.1"]
[White "Berelovich, Alexander"]
[Black "Grischuk, Alexander"]
[Result "1/2-1/2"]
[WhiteElo "2541"]
[BlackElo "2702"]
[PlyCount "94"]
[EventDate "2003.??.??"]

1. e4 e5 2. Nf3 Nc6 3. Bb5 a6 4. Ba4 Nf6 5. O-O b5 6. Bb3 Bc5 7. c3 d6 8. d4
Bb6 9. a4 Rb8 10. Na3 O-O 11. axb5 axb5 12. Nxb5 exd4 13. cxd4 Bg4 14. Be3 Nxe4
15. Bd5 Qe8 16. Qc2 Bxf3 17. Qxc6 Be2 18. Qxe8 Rbxe8 19. Bc6 Bxf1 20. Bxe8 Bxg2
21. Bxf7+ Kxf7 22. Kxg2 Ke6 23. Rc1 Rf7 24. Nc3 Nf6 25. Re1 Ba5 26. Bg5+ Kd7
27. h3 Nd5 28. Rc1 Rf5 29. Be3 Ke6 30. Kg3 Bxc3 31. bxc3 Nxe3 32. Re1 Kd5 33.
Rxe3 Rf7 34. f4 Kc4 35. Kg4 g6 36. h4 h6 37. Rh3 Rf6 38. Re3 c6 39. Rh3 Kb3 40.
Re3 Kc4 41. Rh3 Kb3 42. Re3 d5 43. Rh3 Kb2 44. Re3 Kc2 45. Rh3 Kd2 46. Rg3 Ke2
47. Rh3 Kd2 1/2-1/2

[Event "Luebeck - Emsdetten"]
[Site "BL 0203"]
[Date "2003.03.31"]
[Round "15.3"]
[White "Pedersen, Nicolai Vesterbaek"]
[Black "Fressinet, Laurent"]
[Result "1/2-1/2"]
[WhiteElo "2495"]
[BlackElo "2619"]
[PlyCount "41"]
[EventDate "2003.??.??"]

1. e4 c5 2. c3 Nf6 3. e5 Nd5 4. d4 cxd4 5. Nf3 Nc6 6. Bc4 Nb6 7. Bb3 g6 8. Ng5
d5 9. exd6 e6 10. Qf3 Ne5 11. Qg3 Bg7 12. O-O O-O 13. cxd4 Nc6 14. Rd1 h6 15.
Nf3 Na5 16. Bc2 Nac4 17. b3 Na5 18. Nc3 Bd7 19. Ne5 Rc8 20. Ba3 Qg5 21. Qxg5
1/2-1/2

[Event "Luebeck - Emsdetten"]
[Site "BL 0203"]
[Date "2003.03.31"]
[Round "15.5"]
[White "Zumsande, Martin"]
[Black "Hodgson, Julian M"]
[Result "1/2-1/2"]
[WhiteElo "2374"]
[BlackElo "2608"]
[PlyCount "93"]
[EventDate "2003.??.??"]

1. e4 g6 2. d4 Bg7 3. Nc3 c6 4. f4 Qb6 5. Nf3 d5 6. e5 Bg4 7. Be2 Nh6 8. Na4
Qa5+ 9. c3 Nd7 10. O-O f6 11. b4 Qc7 12. Nh4 Be6 13. Bd3 f5 14. Nf3 Nf7 15. Ng5
Nxg5 16. fxg5 b6 17. Be3 a5 18. b5 c5 19. h4 c4 20. Bc2 h6 21. g4 hxg5 22. Bxg5
O-O-O 23. gxf5 gxf5 24. Bxf5 Bxf5 25. Rxf5 Nf6 26. Qf3 Ne4 27. Rf7 Rdg8 28.
Rxe7 Qxe7 29. Bxe7 Bf6+ 30. Kf1 Bxe7 31. Ke2 Rxh4 32. Nxb6+ Kd8 33. Nxd5 Ng3+
34. Ke3 Bg5+ 35. Nf4 Bxf4+ 36. Qxf4 Rxf4 37. Kxf4 Ne2+ 38. Kf5 Nxc3 39. Rc1 Rg3
40. b6 Rf3+ 41. Ke6 Rd3 42. Kd6 Nxa2 43. Rxc4 Rb3 44. Ra4 Nc3 45. Rxa5 Rxb6+
46. Kc5 Rb7 47. d5 1/2-1/2

[Event "Luebeck - Emsdetten"]
[Site "BL 0203"]
[Date "2003.03.31"]
[Round "15.8"]
[White "DeFirmian, Nick E"]
[Black "Van Beek, Lucien"]
[Result "1-0"]
[WhiteElo "2534"]
[BlackElo "2341"]
[PlyCount "75"]
[EventDate "2003.??.??"]

1. e4 e5 2. Nf3 Nc6 3. Bb5 a6 4. Ba4 d6 5. O-O Bd7 6. d4 b5 7. Bb3 Nxd4 8. Nxd4
exd4 9. c3 d3 10. Qxd3 Be7 11. Qg3 Bf6 12. f4 Ne7 13. Nd2 O-O 14. Nf3 Ng6 15.
Bd2 c5 16. f5 Ne5 17. Bd5 Bc6 18. Bxc6 Nxc6 19. Bf4 Re8 20. Rad1 Ne5 21. Rd5
Qc7 22. Rfd1 Rad8 23. Nxe5 dxe5 24. Bg5 Rxd5 25. Rxd5 Bxg5 26. Qxg5 Qb6 27. Qe3
Qa5 28. a3 Qa4 29. Qd3 b4 30. cxb4 cxb4 31. Qc4 a5 32. h3 h5 33. Kh2 h4 34. Rd6
Ra8 35. f6 g6 36. Rc6 Re8 37. b3 Qxa3 38. Rc8 1-0

[Event "Hamburg - Bremen"]
[Site "BL 0203"]
[Date "2003.03.31"]
[Round "15.1"]
[White "Hracek, Zbynek"]
[Black "Ftacnik, Lubomir"]
[Result "1/2-1/2"]
[WhiteElo "2607"]
[BlackElo "2603"]
[PlyCount "43"]
[EventDate "2003.??.??"]

1. e4 c5 2. Nf3 d6 3. d4 cxd4 4. Nxd4 Nf6 5. Nc3 a6 6. Be3 e5 7. Nb3 Be6 8. f3
Nbd7 9. g4 Nb6 10. g5 Nh5 11. Qd2 Be7 12. O-O-O O-O 13. Rg1 Rc8 14. Qf2 Nc4 15.
Bxc4 Bxc4 16. Nd5 Bxd5 17. Rxd5 f5 18. gxf6 Nxf6 19. Rdd1 Rf7 20. Qe2 Qc7 21.
Rd3 Qc4 22. Qd1 1/2-1/2

[Event "Hamburg - Bremen"]
[Site "BL 0203"]
[Date "2003.03.31"]
[Round "15.2"]
[White "Kempinski, Robert"]
[Black "Babula, Vlastimil"]
[Result "1/2-1/2"]
[WhiteElo "2532"]
[BlackElo "2590"]
[PlyCount "36"]
[EventDate "2003.??.??"]

1. Nf3 Nf6 2. c4 c5 3. e3 e6 4. d4 d5 5. cxd5 Nxd5 6. e4 Nf6 7. Nc3 cxd4 8.
Nxd4 Bc5 9. Be3 O-O 10. Be2 e5 11. Nc6 Qxd1+ 12. Rxd1 Nbd7 13. Nxe5 Bxe3 14.
Nxd7 Bxf2+ 15. Kxf2 Bxd7 16. Bf3 Ng4+ 17. Kg3 Ne5 18. Be2 Rac8 1/2-1/2

[Event "Hamburg - Bremen"]
[Site "BL 0203"]
[Date "2003.03.31"]
[Round "15.3"]
[White "Schandorff, Lars"]
[Black "Gustafsson, Jan"]
[Result "1/2-1/2"]
[WhiteElo "2546"]
[BlackElo "2554"]
[PlyCount "78"]
[EventDate "2003.??.??"]

1. d4 d5 2. c4 c6 3. Nf3 Nf6 4. Nc3 a6 5. a4 e6 6. Bg5 Nbd7 7. cxd5 exd5 8. e3
a5 9. Bd3 Be7 10. O-O O-O 11. Qc2 Re8 12. Rae1 Nf8 13. h3 Be6 14. Ne5 N6d7 15.
Bxe7 Rxe7 16. f4 f6 17. Nf3 Qb6 18. e4 dxe4 19. Rxe4 Ree8 20. Rfe1 Qb4 21. Na2
Qd6 22. f5 Bf7 23. Bc4 Rxe4 24. Rxe4 Bd5 25. Qb3 Nb6 26. Bxd5+ Qxd5 27. Qxd5+
Nxd5 28. Nc3 Rd8 29. Re1 Nb4 30. Re2 Kf7 31. Kf2 g6 32. fxg6+ hxg6 33. Rd2 Ne6
34. h4 Nd5 35. Ne4 Nb4 36. g3 b6 37. Nc3 Ng7 38. g4 Ne6 39. Kg3 Nc7 1/2-1/2

[Event "Hamburg - Bremen"]
[Site "BL 0203"]
[Date "2003.03.31"]
[Round "15.5"]
[White "Pelletier, Yannick"]
[Black "Hansen, Sune Berg"]
[Result "1-0"]
[WhiteElo "2587"]
[BlackElo "2555"]
[PlyCount "77"]
[EventDate "2003.??.??"]

1. c4 Nc6 2. Nc3 e5 3. g3 g6 4. Bg2 Bg7 5. e3 d6 6. Nge2 Be6 $2 7. d4 Bd7 8. d5
Nce7 9. c5 Nf6 10. Qb3 Rb8 11. cxd6 cxd6 12. a4 O-O 13. e4 Kh8 14. O-O Nc8 15.
f3 Ng8 16. Be3 Bh6 17. Bf2 f5 18. exf5 gxf5 19. f4 Nf6 20. Kh1 Ng4 21. Bg1 Qe8
22. Rae1 Qh5 23. Qc4 Nb6 24. Qb4 Nc8 25. Nb5 Rf6 26. Bf3 Bg7 27. Nec3 e4 28.
Bxg4 Qxg4 29. Nxa7 Be8 30. Nc6 Bh5 31. Bd4 Qh3 32. Kg1 Rg6 33. Re3 Bf3 34.
Rfxf3 bxc6 35. Bxg7+ Kxg7 36. Qxb8 exf3 37. Qc7+ Kh6 38. Rxf3 Qh5 39. Re3 1-0

[Event "Hamburg - Bremen"]
[Site "BL 0203"]
[Date "2003.03.31"]
[Round "15.6"]
[White "Wahls, Matthias"]
[Black "Gallagher, Joseph G"]
[Result "1-0"]
[WhiteElo "2539"]
[BlackElo "2540"]
[PlyCount "68"]
[EventDate "2003.??.??"]

1. e4 d6 2. d4 Nf6 3. Nc3 g6 4. f4 Bg7 5. Nf3 c5 6. Bb5+ Bd7 7. Bxd7+ Nfxd7 8.
d5 O-O 9. O-O Na6 10. f5 Nc7 11. a4 a6 12. Qe1 b5 13. Qh4 b4 14. Ne2 e6 15. Bg5
f6 16. Bd2 exd5 17. exd5 g5 18. Qe4 Qe8 19. Ng3 Qf7 20. Rad1 Rfe8 21. Qg4 Ne5
22. Nxe5 Rxe5 23. c4 bxc3 24. Bxc3 Rxd5 25. Ne4 h5 26. Qg3 Ne8 27. h3 Rc8 28.
Rde1 c4 29. Re3 Qa7 30. Kh1 Qf7 31. Qf3 Kh7 32. Rfe1 Rd3 33. Rxd3 cxd3 34. Qxd3
Qc4 {ZUe} 1-0

[Event "Hamburg - Bremen"]
[Site "BL 0203"]
[Date "2003.03.31"]
[Round "15.7"]
[White "Meins, Gerlef"]
[Black "Bezold, Michael"]
[Result "1/2-1/2"]
[WhiteElo "2436"]
[BlackElo "2468"]
[PlyCount "123"]
[EventDate "2003.??.??"]

1. d4 Nf6 2. Nf3 e6 3. g3 c5 4. Bg2 a6 5. O-O cxd4 6. Nxd4 Be7 7. e4 d6 8. a4
Nc6 9. Nxc6 bxc6 10. e5 Nd5 11. exd6 Qxd6 12. a5 Bb7 13. Nd2 O-O 14. Qe2 Rad8
15. Nc4 Qc7 16. Qe5 Qc8 17. Nb6 Nxb6 18. axb6 Rd7 19. Bg5 Bxg5 20. Qxg5 c5 21.
Bxb7 Rxb7 22. Rxa6 Qc6 23. Rd1 Rxb6 24. Rxb6 Qxb6 25. b3 h6 26. Qe7 Qa5 27. Qd6
Rc8 28. Qd7 Rf8 29. h4 h5 30. Qd2 Qb5 31. Qd3 Qb4 32. Qf3 g6 33. Kg2 Qb5 34.
Qe4 Rc8 35. Rd3 Qb4 36. Qf3 Qb5 37. Rc3 Rd8 38. Rc4 Rd5 39. Ra4 Rf5 40. Rf4
Rxf4 41. Qxf4 Qe2 42. c3 Qb5 43. b4 e5 44. Qd2 Qc6+ 45. Kg1 cxb4 46. cxb4 Qb6
47. Qc3 Qb5 48. Qa3 Qe2 49. Qa8+ Kg7 50. Qa1 Kf6 51. Qc3 Qd1+ 52. Kh2 Ke6 53.
b5 Qd7 54. b6 Qb7 55. Qb3+ Kd6 56. Qb5 Ke6 57. Kg1 Kd6 58. Kh2 Ke6 59. Qc5 Kd7
60. Kg1 Ke6 61. Qc4+ Kd6 62. Qb5 1/2-1/2

[Event "Porz - Stuttgart"]
[Site "BL 0203"]
[Date "2003.03.30"]
[Round "15.2"]
[White "Sokolov, Ivan"]
[Black "Golubev, Mihail"]
[Result "1-0"]
[WhiteElo "2684"]
[BlackElo "2528"]
[PlyCount "95"]
[EventDate "2003.??.??"]

1. d4 Nf6 2. c4 g6 3. Nc3 Bg7 4. e4 d6 5. Bd3 O-O 6. Nge2 Nc6 7. O-O Nh5 8. Bc2
e5 9. d5 Ne7 10. a4 f5 11. exf5 gxf5 12. Ng3 Nf4 13. Ra3 Neg6 14. Kh1 Qh4 15.
Rg1 e4 16. f3 Bd7 17. Nf1 Nd3 18. Bxd3 exd3 19. Qxd3 Ne5 20. Qd1 Nxc4 21. Rb3
Na5 22. Ra3 Rae8 23. Ng3 Rf6 24. Nce2 Nc4 25. Rc3 Rg6 26. Qc2 Bxc3 27. Qxc3 Nb6
28. Qxc7 Rc8 29. Qxb7 Rg7 30. Qxa7 Nxd5 31. Qa5 Qc4 32. b3 Qxb3 33. Nd4 Qa2 34.
Bh6 Rf7 35. Qe1 Re8 36. Qc1 f4 37. Ne4 Qxa4 38. Qd2 Rxe4 39. fxe4 Ne3 40. Bxf4
Ng4 41. h3 Nf6 42. Re1 Qa8 43. Nf5 Bxf5 44. exf5 Ne4 45. Qd4 d5 46. Rb1 Rf8 47.
Bh6 Rf6 48. Qe5 1-0

[Event "Porz - Stuttgart"]
[Site "BL 0203"]
[Date "2003.03.30"]
[Round "15.4"]
[White "Vaganian, Rafael A"]
[Black "Schmittdiel, Eckhard"]
[Result "0-1"]
[WhiteElo "2667"]
[BlackElo "2491"]
[PlyCount "79"]
[EventDate "2003.??.??"]

1. Nf3 Nf6 2. c4 b6 3. d4 e6 4. e3 Bb7 5. Bd3 c5 6. O-O d6 7. Nc3 Nbd7 8. b3
Be7 9. Bb2 cxd4 10. exd4 O-O 11. Qe2 Re8 12. Rad1 Bf8 13. Ne1 g6 14. f4 Qc7 15.
Nc2 a6 16. Ne3 Bg7 17. g4 Qc6 18. Kf2 d5 19. Qf3 Qc7 20. cxd5 exd5 21. g5 Ne4+
22. Bxe4 dxe4 23. Qg3 f5 24. gxf6 Nxf6 25. f5 Qxg3+ 26. Kxg3 Rad8 27. Na4 b5
28. Nc5 Bc8 29. h3 Bh6 30. Bc1 Bxe3 31. Bxe3 Bxf5 32. Nxa6 Nd5 33. Nc7 Nc3 34.
Nxe8 Nxd1 35. Bf4 Rxd4 36. Nd6 Rd3+ 37. Kh4 Rxh3+ 38. Kg5 Nc3 39. Bc1 Rf3 40.
Rxf3 0-1

[Event "Porz - Stuttgart"]
[Site "BL 0203"]
[Date "2003.03.30"]
[Round "15.6"]
[White "Hansen, Curt"]
[Black "Duppel, Matthias"]
[Result "1-0"]
[WhiteElo "2610"]
[BlackElo "2440"]
[PlyCount "37"]
[EventDate "2003.??.??"]

1. c4 Nf6 2. Nc3 c5 3. Nf3 e6 4. e3 d5 5. d4 dxc4 6. Bxc4 a6 7. a4 Nc6 8. O-O
b6 9. Qe2 cxd4 10. exd4 Nxd4 11. Nxd4 Qxd4 12. Rd1 Qg4 13. Nd5 Qxe2 14. Nc7+
Ke7 15. Bxe2 Ra7 16. Bf4 Nd7 17. Rac1 Kd8 18. Nxa6 Be7 19. Nb8 1-0

[Event "Porz - Stuttgart"]
[Site "BL 0203"]
[Date "2003.03.30"]
[Round "15.7"]
[White "Bunzmann, Dimitri"]
[Black "Graf, Alexander"]
[Result "1/2-1/2"]
[WhiteElo "2498"]
[BlackElo "2635"]
[PlyCount "36"]
[EventDate "2003.??.??"]

1. d4 Nf6 2. c4 e6 3. Nf3 d5 4. Nc3 Nbd7 5. cxd5 exd5 6. Bf4 c6 7. h3 Nb6 8.
Qc2 g6 9. e3 Bf5 10. Bd3 Bxd3 11. Qxd3 Qe7 12. Nd2 Bg7 13. O-O-O O-O 14. g4
Rfe8 15. f3 Nfd7 16. g5 Nf8 17. h4 Nbd7 18. Kb1 b5 1/2-1/2

[Event "Porz - Stuttgart"]
[Site "BL 0203"]
[Date "2003.03.30"]
[Round "15.8"]
[White "Van den Doel, Erik"]
[Black "Heinatz, Thomas"]
[Result "1-0"]
[WhiteElo "2594"]
[BlackElo "2315"]
[PlyCount "99"]
[EventDate "2003.??.??"]

1. e4 c5 2. Nf3 g6 3. d4 Bg7 4. dxc5 Qa5+ 5. Nfd2 Qxc5 6. c4 d6 7. Be2 Nf6 8.
O-O O-O 9. Nc3 Nbd7 10. a3 Qc7 11. b4 b6 12. Bb2 Bb7 13. Rc1 e6 14. Qb3 Rad8
15. Rfd1 a6 16. f3 Qb8 17. Ndb1 Rfe8 18. Bf1 Bh6 19. Rc2 Bf4 20. Ne2 Be5 21.
Bxe5 Nxe5 22. Nd4 h5 23. Qe3 d5 24. exd5 exd5 25. Qf4 Nfd7 26. c5 bxc5 27. bxc5
Rc8 28. Rdc1 Qa7 29. Nb3 Bc6 30. Qd4 a5 31. Qf2 Rb8 32. Nd4 Ba4 33. Rc3 Nc6 34.
Nd2 Rb2 35. Nxc6 Bxc6 36. Rb3 Ra2 37. Qd4 Nf8 38. Nb1 Ne6 39. Qe3 Rc8 40. Bd3
Ba4 41. Rb6 Bd7 42. Bxg6 d4 43. Qh6 fxg6 44. Rxe6 Bxe6 45. Qxg6+ Kh8 46. Qxe6
Rxc5 47. Re1 Rcc2 48. Qh6+ Kg8 49. Re8+ Kf7 50. Qe6+ 1-0

[Event "Godesberg - Baden Oos"]
[Site "BL 0203"]
[Date "2003.03.30"]
[Round "15.1"]
[White "Svidler, Peter"]
[Black "Breder, Dennis"]
[Result "1-0"]
[WhiteElo "2690"]
[BlackElo "2440"]
[PlyCount "73"]
[EventDate "2003.??.??"]

1. e4 c5 2. Nf3 d6 3. d4 Nf6 4. Nc3 cxd4 5. Nxd4 Nc6 6. Bc4 Qb6 7. Nb3 e6 8.
Bf4 Ne5 9. Be2 a6 10. g4 Qc7 11. g5 Nfd7 12. Bg3 b5 13. Qd4 Rb8 14. f4 Nc6 15.
Qe3 Be7 16. O-O-O b4 17. Na4 Nb6 18. Nxb6 Qxb6 19. Qxb6 Rxb6 20. Nd2 Na5 21.
Bf2 Rc6 22. Rhg1 O-O 23. Kb1 Re8 24. Rg3 Bb7 25. a3 d5 26. axb4 Bxb4 27. Rd3
Nc4 28. Nxc4 dxc4 29. Rd7 Bc8 30. Ra7 Kf8 31. e5 Bc5 32. Bxc5+ Rxc5 33. Rd4 c3
34. b4 Rd5 35. Rc4 Rd2 36. Bd3 a5 37. b5 1-0

[Event "Godesberg - Baden Oos"]
[Site "BL 0203"]
[Date "2003.03.30"]
[Round "15.2"]
[White "Sprenger, Jan-Michael"]
[Black "Dautov, Rustem"]
[Result "1/2-1/2"]
[WhiteElo "2430"]
[BlackElo "2617"]
[PlyCount "53"]
[EventDate "2003.??.??"]

1. e4 c6 2. d4 d5 3. exd5 cxd5 4. c4 Nf6 5. Nc3 e6 6. Nf3 Bb4 7. Bd3 dxc4 8.
Bxc4 Qc7 9. Qe2 O-O 10. O-O Bxc3 11. bxc3 Nbd7 12. Bg5 b6 13. Bxf6 Nxf6 14. Ne5
Bb7 15. Rfc1 Rac8 16. a4 Nd5 17. Qg4 Rfd8 18. h4 Qe7 19. a5 b5 20. Bxb5 Nxc3
21. Bc6 Bxc6 22. Rxc3 Bb7 23. Rac1 Rxc3 24. Rxc3 Rc8 25. Qf3 Rxc3 26. Qxc3 f6
27. Nd3 1/2-1/2

[Event "Godesberg - Baden Oos"]
[Site "BL 0203"]
[Date "2003.03.30"]
[Round "15.3"]
[White "Huebner, Robert Dr"]
[Black "Langheinrich, Ferenc"]
[Result "1/2-1/2"]
[WhiteElo "2640"]
[BlackElo "2363"]
[PlyCount "90"]
[EventDate "2003.??.??"]

1. d4 Nf6 2. c4 g6 3. g3 Bg7 4. Bg2 O-O 5. Nc3 d6 6. Nf3 Nc6 7. O-O a6 8. d5
Na5 9. Nd2 c5 10. Rb1 e6 11. b3 exd5 12. cxd5 b5 13. Qc2 b4 14. Nd1 Bd7 15. h3
Re8 16. e4 Nh5 17. Ne3 Qe7 18. Ndc4 Nxc4 19. Nxc4 f5 20. Re1 Rad8 21. Bb2 Bxb2
22. Qxb2 Bb5 23. Qc2 Bxc4 24. Qxc4 Nf6 25. Re3 fxe4 26. Rbe1 Qd7 27. Qxa6 Qf5
28. Rd1 h5 29. f3 Qg5 30. f4 Qf5 31. Qe2 Re7 32. Qd2 Kg7 33. Re2 Kf7 34. Rde1
Rde8 35. Rd1 Rg8 36. Kh2 g5 37. fxg5 Qxg5 38. Re3 Qe5 39. Rf1 h4 40. Kh1 Rxg3
41. Rxe4 Rxh3+ 42. Bxh3 Qxe4+ 43. Bg2 Qg6 44. Bh3 Qe4+ 45. Bg2 Qg6 1/2-1/2

[Event "Godesberg - Baden Oos"]
[Site "BL 0203"]
[Date "2003.03.30"]
[Round "15.4"]
[White "Jackelen, Thomas"]
[Black "Doettling, Fabian"]
[Result "1/2-1/2"]
[WhiteElo "2415"]
[BlackElo "2539"]
[PlyCount "47"]
[EventDate "2003.??.??"]

1. Nf3 d5 2. c4 e6 3. g3 Nf6 4. Bg2 Be7 5. O-O O-O 6. d4 c6 7. Nc3 Nbd7 8. b3
b6 9. Bb2 Ba6 10. a4 Rc8 11. Nd2 Qc7 12. e4 dxe4 13. Ndxe4 Rfd8 14. Qc2 Nxe4
15. Bxe4 Nf6 16. Bg2 c5 17. d5 exd5 18. Nxd5 Nxd5 19. Bxd5 Rxd5 20. cxd5 Bxf1
21. Rxf1 Rd8 22. Rd1 Qd7 23. Qe2 Bd6 24. Kg2 1/2-1/2

[Event "Godesberg - Baden Oos"]
[Site "BL 0203"]
[Date "2003.03.30"]
[Round "15.5"]
[White "Schenk, Andreas"]
[Black "Schmidt, Bodo"]
[Result "1-0"]
[WhiteElo "2479"]
[BlackElo "2360"]
[PlyCount "119"]
[EventDate "2003.??.??"]

1. d4 d5 2. c4 c6 3. Nf3 Nf6 4. Nc3 a6 5. a4 e6 6. Bg5 Nbd7 7. a5 dxc4 8. e4 h6
9. Bh4 Bb4 10. Qa4 Bxc3+ 11. bxc3 g5 12. Bg3 Nxe4 13. Bxc4 Nxg3 14. fxg3 b5 15.
axb6 Nxb6 16. Qb3 Nxc4 17. Qxc4 Qd5 18. Qe2 O-O 19. O-O f6 20. Qd3 Kg7 21. Ne5
f5 22. Rfb1 c5 23. Ra5 Bb7 24. Rb2 Rfc8 25. Qd1 g4 26. h3 Rab8 27. hxg4 Ba8 28.
Re2 Rb6 29. gxf5 exf5 30. Qf1 Rf6 31. Nd3 Qd6 32. Nf4 Kh7 33. d5 c4 34. Qf2 Rg8
35. Ra1 Rg7 36. Rae1 Qb6 37. Nh5 Bxd5 38. Nxf6+ Qxf6 39. Re5 Qf7 40. Rxf5 Qb7
41. Rf6 Be4 42. Qf4 Bg6 43. Qxc4 a5 44. Kh2 Rc7 45. Qg4 Rg7 46. Rfe6 Qc7 47.
Qd4 Qf7 48. Qe5 a4 49. Re7 Qf8 50. Rxg7+ Qxg7 51. Qd6 Bf7 52. Re7 Kg8 53. Qd8+
Qf8 54. Qxf8+ Kxf8 55. Ra7 Bb3 56. Kg1 Ke8 57. Kf2 Kd8 58. Ke3 Kc8 59. Kd4 Kb8
60. Ra5 1-0

[Event "Godesberg - Baden Oos"]
[Site "BL 0203"]
[Date "2003.03.30"]
[Round "15.6"]
[White "Philipowski, Robert"]
[Black "Schlosser, Philipp"]
[Result "1/2-1/2"]
[WhiteElo "2299"]
[BlackElo "2534"]
[PlyCount "38"]
[EventDate "2003.??.??"]

1. e4 e6 2. Nf3 d5 3. Nc3 Nf6 4. e5 Nfd7 5. d4 c5 6. Ne2 Nc6 7. c3 a5 8. Nf4 a4
9. h4 Qa5 10. Bd2 Qb6 11. c4 dxc4 12. d5 Ncxe5 13. dxe6 fxe6 14. Bc3 Qd6 15.
Ng5 Nf6 16. Qxd6 Bxd6 17. O-O-O Ke7 18. g3 Bc7 19. Bh3 Ra6 1/2-1/2

[Event "Godesberg - Baden Oos"]
[Site "BL 0203"]
[Date "2003.03.30"]
[Round "15.7"]
[White "Schmaltz, Roland"]
[Black "Gikas, Andreas Basilius"]
[Result "1-0"]
[WhiteElo "2529"]
[BlackElo "2254"]
[PlyCount "43"]
[EventDate "2003.??.??"]

1. e4 Nf6 2. Nc3 d5 3. e5 Ne4 4. Nce2 d4 5. Nf3 Nc6 6. c3 Bg4 7. Nexd4 Nxe5 8.
Qe2 Qd5 9. Nb5 O-O-O 10. c4 Qe6 11. d4 Ng6 12. d5 Qf5 13. Nbd4 Qe5 14. Nxe5
Bxe2 15. Nxg6 Bxf1 16. Nxh8 Bxc4 17. Nxf7 Rxd5 18. Ne6 Rf5 19. Nxf8 Nxf2 20.
Rg1 Bxf7 21. g4 Nd3+ 22. Ke2 1-0

[Event "Godesberg - Baden Oos"]
[Site "BL 0203"]
[Date "2003.03.30"]
[Round "15.8"]
[White "Lotzien, Hans"]
[Black "Keitlinghaus, Ludger"]
[Result "0-1"]
[WhiteElo "2231"]
[BlackElo "2500"]
[PlyCount "75"]
[EventDate "2003.??.??"]

1. e4 e6 2. Qe2 c5 3. f4 Nc6 4. Nf3 d6 5. d3 g6 6. Bd2 Bg7 7. Bc3 e5 8. Nbd2
Nge7 9. fxe5 dxe5 10. Qf2 Nd4 11. Bxd4 cxd4 12. Be2 Nc6 13. O-O O-O 14. Qg3 Qe7
15. Kh1 Bd7 16. a3 Kh8 17. Qh4 Qxh4 18. Nxh4 Rad8 19. g4 Bh6 20. Nb3 Bg5 21.
Ng2 Kg7 22. Rf2 b6 23. h4 Be7 24. Raf1 Rc8 25. Bd1 h6 26. Nd2 b5 27. Kh2 Nd8
28. Nf3 Bxg4 29. Kg3 Bxf3 30. Rxf3 h5 31. R3f2 Ne6 32. Ne1 Nc5 33. c3 dxc3 34.
bxc3 Ne6 35. Rb2 Rxc3 36. Rxb5 Rxa3 37. Rb7 Bf6 38. Rb3 0-1

[Event "BL 0304 Hamburger SK - SK König Plauen"]
[Site "?"]
[Date "2003.11.01"]
[Round "1.2"]
[White "Atalik, Suat"]
[Black "Kindermann, Stefan"]
[Result "1-0"]
[WhiteElo "2570"]
[BlackElo "2542"]
[PlyCount "97"]
[EventDate "2003.??.??"]

1. d4 f5 2. Nf3 Nf6 3. g3 g6 4. Bg2 Bg7 5. O-O d6 6. c4 O-O 7. Nc3 Qe8 8. d5 a5
9. Be3 Na6 10. Qd2 Bd7 11. Rae1 Ng4 12. Bd4 Bh6 13. Qd1 c5 14. dxc6 bxc6 15. h3
Nf6 16. e4 Nxe4 17. Nxe4 fxe4 18. Rxe4 e5 19. Bc3 Qe7 20. Bxe5 dxe5 21. Nxe5
Bf5 22. Nxg6 Qf6 23. Nxf8 Rxf8 24. Rd4 Bg7 25. Rd2 Nc5 26. g4 Bg6 27. Rd6 Qf4
28. Qd2 Qxd2 29. Rxd2 Nd3 30. Bxc6 Nxb2 31. Bd5+ Kh8 32. f4 Bc3 33. Rg2 Bd3 34.
Rf3 Bd4+ 35. Kh2 Bxc4 36. Bxc4 Nxc4 37. Kg3 Re8 38. Rd3 Bb6 39. Rc2 Ne3 40. Rc6
Ba7 41. Rd7 Bb8 42. Rh6 Kg8 43. Rdxh7 Nd5 44. Rh8+ Kg7 45. R6h7+ Kg6 46. Rxe8
Bxf4+ 47. Kf3 Kxh7 48. Rd8 Nc7 49. Rd7+ 1-0

[Event "BL 0304 Hamburger SK - SK König Plauen"]
[Site "?"]
[Date "2003.11.01"]
[Round "1.3"]
[White "Espig, Lutz"]
[Black "Gustafsson, Jan"]
[Result "1/2-1/2"]
[WhiteElo "2429"]
[BlackElo "2571"]
[PlyCount "55"]
[EventDate "2003.??.??"]

1. Nf3 Nf6 2. c4 c5 3. Nc3 d5 4. cxd5 Nxd5 5. g3 Nc6 6. Bg2 Nc7 7. a3 g6 8. d3
Bg7 9. Bd2 Ne6 10. Rb1 a5 11. O-O O-O 12. Ne4 Bd7 13. Bc3 Ncd4 14. e3 Nxf3+ 15.
Bxf3 Bb5 16. Be2 Bc6 17. Bxg7 Kxg7 18. Qc2 Rc8 19. Rfc1 Qd5 20. Bf3 Rfd8 21.
Rd1 Qe5 22. Bg2 Kg8 23. Qc3 Qxc3 24. Nxc3 Rd7 25. Bxc6 Rxc6 26. Kf1 Nc7 27. Ke2
Nd5 28. Rdc1 1/2-1/2

[Event "BL 0304 Hamburger SK - SK König Plauen"]
[Site "?"]
[Date "2003.11.01"]
[Round "1.4"]
[White "Wahls, Matthias"]
[Black "Haskamp, Stefan"]
[Result "1-0"]
[WhiteElo "2546"]
[BlackElo "2308"]
[PlyCount "80"]
[EventDate "2003.??.??"]

1. c4 g6 2. Nc3 Bg7 3. g3 c5 4. Bg2 Nc6 5. a3 e6 6. b4 Nxb4 7. axb4 cxb4 8. Nb5
Bxa1 9. Qa4 Bf6 10. d4 a6 11. Nd6+ Kf8 12. Qxb4 Kg7 13. Nf3 Be7 14. c5 Bxd6 15.
cxd6 b5 16. Bb2 f6 17. Nd2 a5 18. Qxb5 Ba6 19. Qa4 Rb8 20. Bc3 Rc8 21. Qa1 a4
22. O-O Nh6 23. Ne4 Nf7 24. Re1 Bb7 25. d5 e5 26. f4 Bxd5 27. fxe5 Bxe4 28.
exf6+ Kh6 29. Bxe4 Qb6+ 30. Bd4 Qxd6 31. Rd1 Qe6 32. Bd5 Qxe2 33. Re1 Qd3 34.
Bxf7 Rc2 35. Bd5 Rhc8 36. Be4 Qb3 37. Bxc2 Rxc2 38. Be3+ g5 39. f7 Qd5 40. Qf6+
Kh5 1-0